Operating system / (Record no. 92200)

MARC details
000 -LEADER
fixed length control field 00575nam a22002057a 4500
005 - DATE AND TIME OF LATEST TRANSACTION
control field 20230112154135.0
010 ## - LCCN (DPL NO)
LC control number ENG-112357 ENG-135976
020 ## - INTERNATIONAL STANDARD BOOK NUMBER
International Standard Book Number 9789325975637
Terms of availability 395.00
035 ## - SYSTEM CONTROL NUMBER
System control number EN-95889
035 ## - SYSTEM CONTROL NUMBER
System control number EN-119508
037 ## - SOURCE OF ACQUISITION
Source of stock number/acquisition DBAD/PUB
082 ## - DEWEY DECIMAL CLASSIFICATION NUMBER
Classification number 005.43
100 ## - MAIN ENTRY--PERSONAL NAME
Personal name Khurana, Rohit
245 ## - TITLE STATEMENT
Title Operating system /
Statement of responsibility, etc by Rohit Khurana
250 ## - EDITION STATEMENT
Edition statement 2nd ed
260 ## - PUBLICATION, DISTRIBUTION, ETC. (IMPRINT)
Place of publication, distribution, etc Noida (UP)
Name of publisher, distributor, etc Vikas Publishing House
Date of publication, distribution, etc 2014
270 ## - ADDRESS
Address E-28, Sector-8,
City Noida
Postal code 201301
300 ## - PHYSICAL DESCRIPTION
Extent xvi,432p. :
Dimensions 24cm(pbk)
Other physical details ill.
942 ## - ADDED ENTRY ELEMENTS (KOHA)
Source of classification or shelving scheme Dewey Decimal Classification
Item type English Books
Call number suffix KHU
Classification part 005.43
Holdings
Withdrawn status Lost status Not for loan Collection code Home library Current library Date acquired Source of acquisition Cost, normal purchase price Full call number Barcode Copy number Cost, replacement price Koha item type
      Non-fiction Bawana Bawana 12/01/2023 DBAD/PUB 395.00 005.43 KHU EN-119508 1 395.00 English Books
    Not For Loan Non-fiction D.B.Act.Division D.B.Act.Division 11/03/2015 DBAD/PUB 395.00 005.43 KHU EN-95889 1 395.00 English Books

© Delhi Public Library
Hit Counter
free hit counter